INFORME FINAL DEL EJERCICIO PROFESIONAL SUPERVISADO, DISEÑO Y PLANIFICACIÓN DE EDIFICIO ESCOLAR DE DOS NIVELES ALDEA TANCHÍ, REGIÓN TANCHÍ, SAN PEDRO CARCHÁ, ALTA VERAPAZ, DISEÑO Y PLANIFICACIÓN DE CAMINO RURAL ALDEA CERRO LINDO SAQUIAC, REGIÓN CHELAC, SAN PEDRO CARCHÁ, ALTA VERAPAZ./ (Registro nro. 2034)

Detalles MARC
000 -LEADER
campo de control de longitud fija 03510nam a22003377a 4500
001 - NÚMERO DE CONTROL
campo de control TIC 0040
003 - IDENTIFICADOR DE NÚMERO DE CONTROL
campo de control gtcocun
005 - FECHA Y HORA DE LA ÚLTIMA TRANSACCIÓN
campo de control 20250922163013.0
006 - CÓDIGOS DE INFORMACIÓN DE LONGITUD FIJA--CARACTERÍSTICAS DEL MATERIAL ADICIONAL
campo de control de longitud fija a||||gr|||| 00| 0
007 - CAMPO FIJO DE DESCRIPCIÓN FÍSICA--INFORMACIÓN GENERAL
campo de control de longitud fija ta
008 - DATOS DE LONGITUD FIJA--INFORMACIÓN GENERAL
campo de control de longitud fija 250922b2024 gt ||||| m||| 00| 0 eng d
040 ## - FUENTE DE CATALOGACIÓN
Centro catalogador/agencia de origen gtcocun
Lengua de catalogación SPA
Centro/agencia transcriptor gtcocun
Normas de descripción RDA
041 ## - CÓDIGO DE IDIOMA
Código de lengua del texto/banda sonora o título independiente SPA TIC 0040
084 ## - OTRO NÚMERO DE CLASIFICACIÓN
Número de control del registro de autoridad o número normalizado TIC 0040
100 ## - ENTRADA PRINCIPAL--NOMBRE DE PERSONA
Nombre de persona Pinula Martínez, Julio Nery Esteban
Término indicativo de función/relación Autor
245 ## - MENCIÓN DEL TÍTULO
Título INFORME FINAL DEL EJERCICIO PROFESIONAL SUPERVISADO, DISEÑO Y PLANIFICACIÓN DE EDIFICIO ESCOLAR DE DOS NIVELES ALDEA TANCHÍ, REGIÓN TANCHÍ, SAN PEDRO CARCHÁ, ALTA VERAPAZ, DISEÑO Y PLANIFICACIÓN DE CAMINO RURAL ALDEA CERRO LINDO SAQUIAC, REGIÓN CHELAC, SAN PEDRO CARCHÁ, ALTA VERAPAZ./
Mención de responsabilidad, etc. Julio Nery Esteban Pinula Martínez.
Medio Impreso
264 ## - PRODUCCIÓN, PUBLICACIÓN, DISTRIBUCIÓN, FABRICACIÓN Y COPYRIGHT
Producción, publicación, distribución, fabricación y copyright Cobán, Alta Verapaz:
Nombre del de productor, editor, distribuidor, fabricante Universidad de San Carlos de Guatemala, Centro Universitario del Norte, Ingeniería Civil
Fecha de producción, publicación, distribución, fabricación o copyright 2024
300 ## - DESCRIPCIÓN FÍSICA
Extensión 283 p.:
Otras características físicas Ilustraciones, gráficas.
Dimensiones 28 cm;
300 ## - DESCRIPCIÓN FÍSICA
Dimensiones PDF
336 ## - TIPO DE CONTENIDO
Fuente rdacontenido
Término de tipo de contenido Texto
Código de tipo de contenido txt
337 ## - TIPO DE MEDIO
Fuente rdamedio
Nombre/término del tipo de medio Computadora
Código del tipo de medio n
338 ## - TIPO DE SOPORTE
Fuente rdasoporte
Nombre/término del tipo de soporte Código en línea
Código del tipo de soporte cr
502 ## - NOTA DE TESIS
identificador de la tesis TIC 0040
502 ## - NOTA DE TESIS
Nota de tesis Tesis de grado
Tipo de título Ingeniería Civil,
Nombre de la institución que otorga el título Universidad de San Carlos de Guatemala, Centro Universitario del Norte, Ingeniería Civil
Año de obtención del título 2024
Identificador de la tesis TIC 0040
520 14 - RESUMEN, ETC.
Sumario, etc. En el presente informe, se destacan los estudios técnicos realizados durante el periodo del Ejercicio Profesional Supervisado en la Municipalidad de San Pedro Carchá, del departamento de Alta Verapaz. Mediante la investigación y programación se intervino en<br/>dos estudios técnicos, tales como, el Diseño y Planificación de Edificio Escolar de 2 niveles, aldea Tanchí, región Tanchí y de Camino Rural, aldea Cerro Lindo Saquiac, región Chelac, ambos del municipio de San Pedro Carchá.<br/><br/>La primera intervención realizada fue del Diseño y Planificación de Edificio Escolar de 2 niveles, el cual cuenta con un área de construcción de 676.62 metros cuadrados, con un sistema estructural de marcos rígidos de concreto armado, los cuales son resistentes a momentos y acciones sísmicas, se realizó el diseño de los elementos estructurales, estos<br/>con base al análisis estructural y complementado con el diseño de instalaciones. La segunda<br/>intervención realizada fue la del Diseño y Planificación de Camino Rural, este cuenta con una longitud total de 2 714 metros, con una sección típica F, tal proyecto fue de apertura, para su correcta elaboración, se realizaron visitas de campo para definir la topografía, dar inicio al diseño geométrico y complementarlo con la estabilización de la sub rasante y el<br/>chequeo del material de balasto.<br/><br/>Con el fin de conformar los proyectos mencionados con anterioridad, se realizó el<br/>presupuesto, cronogramas de ejecución y juego de planos. Finalizado los estudios técnicos es posible redargüir que es necesario el contrastar la teoría con la práctica, esto con el fin de elaborar estudios eficientes, que, en los presentes casos, beneficiaron a los pobladores<br/>de las comunidades de San Pedro Carchá, y se gener un avance en su desarrollo.
650 14 - PUNTO DE ACCESO ADICIONAL DE MATERIA--TÉRMINO DE MATERIA
Fuente del encabezamiento o término LEMB
Término de materia o nombre geográfico como elemento de entrada San Pedro Carchá, Alta Verapaz.
Subdivisión general Ingeniería
-- Técnicos
-- Diseño
-- Planificación
-- Edificio
-- Camino
700 ## - ENTRADA AGREGADA--NOMBRE PERSONAL
Nombre de persona Ing. Civil. Jorge Haroldo Dubón Xitumul
Término indicativo de función/relación Asesor
856 ## - LOCALIZACIÓN Y ACCESO ELECTRÓNICOS
Identificador Uniforme de Recurso <a href="https://drive.google.com/file/d/1u4zxxrJCh_eposL_lTm5sBwlElVE1GaZ/view">https://drive.google.com/file/d/1u4zxxrJCh_eposL_lTm5sBwlElVE1GaZ/view</a>
Texto de enlace PDF
Nota pública Un ejemplar en línea.
942 ## - ELEMENTOS DE ENTRADA SECUNDARIOS (KOHA)
Fuente de la clasificación o esquema de estantería Clasificación Decimal Dewey
Tipo de ítem Koha TESIS
Parte de la signatura que identifica el ejemplar (Parte del ítem) TIC 0040
Prefijo de la signatura Clasificación
Suprimir en OPAC No
-- TIC_0040_000000000000000
Existencias
Estatus retirado Estado de pérdida Fuente de la clasificación o esquema de estantería Estado de daño No para préstamo Colección Biblioteca de origen Biblioteca actual Ubicación en estantería Fecha de adquisición Número de inventario Total de préstamos Signatura topográfica completa Código de barras Visto por última vez Precio de reemplazo Tipo de ítem Koha
    Clasificación Decimal Dewey     tesis BIBLIOTECA- CUNOR -JOSÉ LUIS GONZALES ROSALES BIBLIOTECA- CUNOR -JOSÉ LUIS GONZALES ROSALES Colección tesis 16/09/2025 TIC 0040   TIC 0040 TIC 0040 16/09/2025 16/09/2025 TESIS